| 000 | 00673cam a2200229 a 4500 | ||
|---|---|---|---|
| 001 | 22085 | ||
| 003 | BD-RjUL | ||
| 005 | 20211209000750.0 | ||
| 008 | 140306s1947 nyua b 00100 eng d | ||
| 035 | _a(BD-RjUL)22150 | ||
| 040 |
_dBD-RjUL _aSUSA _beng _cSUSA |
||
| 041 | _aeng | ||
| 082 | 0 | 0 |
_a155.2 _220 _bMUP 1947 |
| 100 | 1 |
_aMurphy, Gardner, _d1895- _968196 |
|
| 245 | 1 | 0 |
_aPersonality : _ba biosocial approach to origins and structure / _cby Gardner Murphy. |
| 260 | 0 |
_aNew York : _bHarper, _cc1947. |
|
| 300 |
_axii, 999 p. : _bill. ; _c24 cm. |
||
| 504 | _aBibliography: p. 947-968. | ||
| 504 | _aIncludes index. | ||
| 650 | 0 |
_aPersonality. _968197 |
|
| 942 |
_2ddc _cBK |
||
| 999 |
_c22085 _d22085 |
||